Basic and clinical immunology / (Record no. 479952)

000 -LEADER
fixed length control field 01239cam a22003974a 4500
001 - CONTROL NUMBER
control field 7199091
003 - CONTROL NUMBER IDENTIFIER
control field ASAB
005 - DATE AND TIME OF LATEST TRANSACTION
control field 20180827062609.0
008 - FIXED-LENGTH DATA ELEMENTS--GENERAL INFORMATION
fixed length control field 080117s2009 stka b 001 0 eng
010 ## - LIBRARY OF CONGRESS CONTROL NUMBER
LC control number 2008002610
016 7# - NATIONAL BIBLIOGRAPHIC AGENCY CONTROL NUMBER
Record control number 101464021
Source DNLM
020 ## - INTERNATIONAL STANDARD BOOK NUMBER
International Standard Book Number 9780443100826
020 ## - INTERNATIONAL STANDARD BOOK NUMBER
International Standard Book Number 0443100829
035 ## - SYSTEM CONTROL NUMBER
System control number (OCoLC)ocn191090418
035 ## - SYSTEM CONTROL NUMBER
System control number (OCoLC)191090418
035 ## - SYSTEM CONTROL NUMBER
System control number (NNC)7199091
040 ## - CATALOGING SOURCE
Original cataloging agency DNLM/DLC
Transcribing agency ASAB
Modifying agency NLM
-- BTCTA
-- YDXCP
-- BWKUK
042 ## - AUTHENTICATION CODE
Authentication code pcc
050 00 - LIBRARY OF CONGRESS CALL NUMBER
Classification number RC582
Item number .P43 2009
060 10 - NATIONAL LIBRARY OF MEDICINE CALL NUMBER
Classification number QW 540
Item number P357b 2009
082 00 - DEWEY DECIMAL CLASSIFICATION NUMBER
Classification number 616.07/9
Edition number 22
100 1# - MAIN ENTRY--PERSONAL NAME
Personal name Peakman, Mark.
9 (RLIN) 1477
245 10 - TITLE STATEMENT
Title Basic and clinical immunology /
Statement of responsibility, etc. Mark Peakman, Diego Vergani ; illustrated by Danny J. Pine and Martin Woodward.
250 ## - EDITION STATEMENT
Edition statement 2nd ed.
260 ## - PUBLICATION, DISTRIBUTION, ETC.
Place of publication, distribution, etc. Edinburgh ;
-- New York :
Name of publisher, distributor, etc. Elsevier/Churchill Livingstone,
Date of publication, distribution, etc. 2009.
300 ## - PHYSICAL DESCRIPTION
Extent viii, 365 p. :
Other physical details col. ill. ;
Dimensions 30 cm.
504 ## - BIBLIOGRAPHY, ETC. NOTE
Bibliography, etc. note Includes bibliographical references and index.
650 #0 - SUBJECT ADDED ENTRY--TOPICAL TERM
Topical term or geographic name entry element Clinical immunology.
9 (RLIN) 1478
650 #0 - SUBJECT ADDED ENTRY--TOPICAL TERM
Topical term or geographic name entry element Immunology.
9 (RLIN) 1479
650 12 - SUBJECT ADDED ENTRY--TOPICAL TERM
Topical term or geographic name entry element Immunity.
9 (RLIN) 1480
650 22 - SUBJECT ADDED ENTRY--TOPICAL TERM
Topical term or geographic name entry element Immune System
General subdivision physiology.
9 (RLIN) 1481
650 22 - SUBJECT ADDED ENTRY--TOPICAL TERM
Topical term or geographic name entry element Immune System Diseases.
9 (RLIN) 1482
700 1# - ADDED ENTRY--PERSONAL NAME
Personal name Vergani, Diego.
9 (RLIN) 1483
942 ## - ADDED ENTRY ELEMENTS (KOHA)
Source of classification or shelving scheme
Koha item type Book
Holdings
Withdrawn status Lost status Source of classification or shelving scheme Damaged status Not for loan Permanent Location Current Location Date acquired Total Checkouts Full call number Barcode Date last seen Price effective from Koha item type
          Atta-ur-Rahman School of Applied Biosciences (ASAB) Atta-ur-Rahman School of Applied Biosciences (ASAB) 01/15/2016   616.07 Pea ASAB738 01/15/2016 01/15/2016 Book
© 2023 Central Library, National University of Sciences and Technology. All Rights Reserved.